Cultura intelectual y cultura física
Zapisane w:
| 1. autor: | |
|---|---|
| Format: | Książka |
| Język: | hiszpański |
| Wydane: |
Buenos Aires
Kapelusz
1979
|
| Seria: | Colección de educación física
|
| Hasła przedmiotowe: | |
| Etykiety: |
Dodaj etykietę
Nie ma etykietki, Dołącz pierwszą etykiete!
|
MARC
| LEADER | 00000nam a2200000 a 4500 | ||
|---|---|---|---|
| 001 | UCZ0754 | ||
| 003 | CL-VaPUC | ||
| 008 | 950809e19790400AG |||||||||||||||||spa|d | ||
| 082 | 0 | 4 | |a 796.01 |b CAG |2 21 |
| 100 | 0 | |a Cagigal, José María |e author |9 343950 | |
| 245 | 1 | 0 | |a Cultura intelectual y cultura física |
| 300 | |a 118 p | ||
| 942 | |c BK | ||
| 945 | |d 19950809 00:00:00 |a cmena | ||
| 260 | |a Buenos Aires |b Kapelusz |c 1979 | ||
| 650 | 0 | |a Educación física |9 240893 | |
| 650 | 7 | |a DEPORTE |2 CL-VaPUC |9 343951 | |
| 650 | 7 | |a EJERCICIO |2 CL-VaPUC |9 310040 | |
| 650 | 0 | |a Actividades de tiempo libre |9 334349 | |
| 650 | 0 | |a Actividades culturales |9 335506 | |
| 650 | 7 | |a OLIMPIADAS |2 CL-VaPUC |9 341681 | |
| 650 | 0 | |a Juegos Olímpicos |9 341523 | |
| 583 | |a last modification |c 19950809 00:00:00 |k Rodrigo Vera | ||
| 490 | 0 | |a Colección de educación física | |
| 999 | |c 237660 |d 237658 | ||
| 952 | |0 0 |1 0 |4 0 |6 796_010000000000000_CAG_1979 |7 0 |8 P |9 247175 |a BIBEDU |b BIBEDU |c BIBEDU_PB |d 2019-11-18 |i 1554557 |o 796.01 CAG 1979 |p 1554557 |r 2024-01-25 |w 2019-11-18 |y BK |k EDU | ||
| 952 | |0 0 |1 0 |4 0 |6 796_010000000000000_CAG_1979 |7 0 |8 P |9 247176 |a BIBEDU |b BIBEDU |c BIBEDU_PB |d 2019-11-18 |i 1554530 |o 796.01 CAG 1979 |p 1554530 |r 2024-01-25 |w 2019-11-18 |y BK |k EDU | ||
| 952 | |0 0 |1 0 |4 0 |6 796_010000000000000_CAG_1979 |7 0 |8 P |9 247177 |a BIBEDU |b BIBEDU |c BIBEDU_PB |d 2019-11-18 |i 1634771 |o 796.01 CAG 1979 |p 1634771 |r 2024-01-25 |w 2019-11-18 |y BK |k EDU | ||